| 000 | 00411nam a22001577a 4500 | ||
|---|---|---|---|
| 003 | MPLRDC | ||
| 005 | 20220104123706.0 | ||
| 008 | 210129b ||||| |||| 00| 0 eng d | ||
| 082 | _a952.1 CYZ-2 c.2 | ||
| 100 | _a陈远宗编著 | ||
| 245 |
_a摄影滤光镜手册 _c |
||
| 260 |
_a _b香港万里书店 _c1981 |
||
| 300 | _b平 | ||
| 650 | _a摄影技术、方法--摄影光学 | ||
| 942 |
_cBK _o952.1 CYZ-2 c.2 |
||
| 999 |
_c13428 _d13418 |
||